| 000 | 05398cam a2200625 i 4500 | ||
|---|---|---|---|
| 001 | ocn894777765 | ||
| 003 | OCoLC | ||
| 005 | 20210915131732.0 | ||
| 008 | 141105s2014 gw b 101 0 eng | ||
| 010 | _a 2014043798 | ||
| 015 |
_aGBB4F0179 _2bnb |
||
| 016 | 7 |
_a1061063275 _2DE-101 |
|
| 016 | 7 |
_a016983842 _2Uk |
|
| 020 |
_a9781472459756 _q(hbk. ; _qNomos) |
||
| 020 |
_a9781472459756 _q(hbk. ; _qAshgate) |
||
| 020 |
_a147245975X _q(hbk. ; _qAshgate) |
||
| 020 |
_a9783848718696 _q(hbk. ; _qNomos) |
||
| 020 |
_a3848718693 _q(hbk. ; _qNomos) |
||
| 035 |
_a(OCoLC)894777765 _z(OCoLC)900721512 |
||
| 040 |
_aDLC _beng _erda _cTZ-ArACH |
||
| 042 | _apcc | ||
| 043 | _ae------ | ||
| 049 | _aTZAA | ||
| 050 | 0 | 0 |
_aKJC5138 _b.J83 2014 |
| 072 | 7 |
_aK _2lcco |
|
| 245 | 0 | 0 |
_aJudgments of the European Court of Human Rights : _beffects and implementation / _cProf. Dr. Anja Seibert-Fohr and Prof. Dr. Mark E. Villiger (eds.). |
| 260 |
_aBaden-Baden, Germany : _a[Farnham, Surrey, England] ; _bAshgate; _bNomos ; _c2014. |
||
| 300 |
_a321 pages ; _c23 cm. |
||
| 490 | 1 |
_aStudies of the Max Planck-Institute Luxembourg for international, European and regulatory procedural law ; _vvolume 2 |
|
| 504 | _aIncludes bibliographical references and index. | ||
| 505 | 0 | _aCurrent challenges in European multilevel human rights protection / ANJA SEIBERT-FOHR/MARK E. VILLIGER -- Keynote address / DEAN SPIELMANN -- Binding effect and declaratory nature of the judgments of the European Court of Human Rights : an overview / MARK E. VILLIGER -- Prescriptive orders in the operative provisions of judgments by the European Court of Human Rights : beyond res judicanda? / HANS JOACHIM CREMER -- The role of the legislative branch in the implementation of the judgments of the European Court of Human Rights / ALMUT WITTLING-VOGEL -- Can't get just satisfaction / JULIA LAFFRANQUE -- Is there a need to advance the jurisprudence of the European Court of Human Rights with regard to the award of damages? / ELISABETH LAMBERT ABDELGAWAD -- France and the award of damages : the payment of just satisfaction and costs and expenses in France / MICHEL PU�ECHAVY. | |
| 505 | 0 | _aThe constellation of global and national courts: Jurisdictional redundancy and interchange / SABINO CASSESE -- Subsidiarity in the control of decisions based on proportionality: An analysis of the basis of the implementation of ECtHR judgements into German law / ANGELIKA NUBERGER -- Are human rights undemocratic? / JOHN LAWS -- Subsidiarity and the Brighton Declaration / DEREK WALTON -- The struggle by the German Courts and legislature to transpose the Strasbourg Case Law on preventive detention into German law / THOMAS GIEGERICH -- How a national judge implements judgments of the Strasbourg Court / JACEK CHLEBNY -- International law in the recent jurisprudence of the Hungarian Constitutional Court: Opening of a new tendency? / PETER KOVACS -- From implementation to translation: Applying the ECtHR judgments in the domestic legal orders / ANDREAS PAULUS -- The role of the European Court of Human Rights in the execution of its own judgments: Reflections on Article 46 ECHR / LINOS-ALEXANDER SICILIANOS. | |
| 520 | _aThis volume deals with the domestic effects of judgments of the European Court of Human Rights as a challenge to the various levels of legal orders in Europe. The starting point is the divergent impact of the ECtHR's jurisdiction within the Convention States. The volume seeks new methods of orientation at the various legal levels, given the fact that the Strasbourg case law is increasingly important for most areas of society. Topical tendencies in the case law of the Court are highlighted and discussed against the background of the principle of subsidiarity. The book includes a detailed analysis of the scope, reach, consequences and implementation of the Court's judgments and of the issue of concomitant damages. At the same time the volume deals with the role of domestic jurisdictions in implementing the ECtHR's judgments. Distinguished Judges, legal academics and practitioners from various Council of Europe States are among the contributors to this volume, which succeeds in bringing divergent points of view into the discussion and in developing strategies for conflict resolution.-- | ||
| 610 | 2 | 0 |
_aEuropean Court of Human Rights _vCongresses. |
| 610 | 2 | 7 |
_aEuropean Court of Human Rights. _2fast |
| 650 | 0 |
_aInternational human rights courts _zEurope _vCongresses. |
|
| 650 | 0 |
_aInternational and municipal law _zEurope _vCongresses. |
|
| 650 | 0 |
_aJurisdiction (International law) _vCongresses. |
|
| 650 | 0 |
_aJudicial assistance _zEurope _vCongresses. |
|
| 650 | 7 |
_aInternational and municipal law. _2fast |
|
| 650 | 7 |
_aInternational human rights courts. _2fast |
|
| 650 | 7 |
_aJudicial assistance. _2fast |
|
| 650 | 7 |
_aJurisdiction (International law) _2fast |
|
| 651 | 7 |
_aEurope. _2fast |
|
| 655 | 7 |
_aConference papers and proceedings. _2fast |
|
| 655 | 7 |
_aConference papers and proceedings. _2lcgft |
|
| 700 | 1 |
_aSeibert-Fohr, Anja, _eeditor. |
|
| 700 | 1 |
_aVilliger, Mark Eugen, _eeditor. |
|
| 776 | 0 | _z9781472459763 | |
| 776 | 0 | _w(GyWOH)har155001007 | |
| 776 | 0 | _z9781472459770 | |
| 776 | 0 | _w(GyWOH)har155001009 | |
| 830 | 0 |
_aStudies of the Max Planck Institute Luxembourg for International, European and Regulatory Procedural Law ; _vv. 2. |
|
| 942 |
_2lcc _cBOOK |
||
| 999 |
_c5390 _d5390 |
||